LEADER 00848nam a2200229 i 4500 001 000000160293 003 CaOOAMICUS 005 20070315000000.0 008 070315s1968 it u000 u ita u 013 $a137656 040 $aSeMil$bita 100 1 $aKeats, John,$d<1795-1821>.$0(OLS)http://semarc/name/18564 245 10$aIperione e altri scritti poetici /$cJohn Keats. 260 $aMilano :$bRizzoli,$c1968. 300 $a162 p. ;$c16 cm. 490 0 $aBUR ;$v2467.-2468 830 0$aBUR ;$v2467.-2468.$0(OLS)http://semarc/title/17764 850 $aSeMil 852 $aSeMil$W1$xVenegono$y1$m1U I 92$j111768$B111768$CSeMilBibl$Z2$F121937 $81 961 $aOmaggio: De Grandi don Marcello 996 $6245$aIperione e altri scritti poetici$9(OLS)http://semarc/title/142831 996 $6260$aMilano :$bRizzoli$9(OLS)http://semarc/publisher/29824 LEADER 01135nam a2200265 i 4500 001 000000043870 003 CaOOAMICUS 005 20090924000000.0 008 090924s1965 fr u000 u fre u 013 $a15040 040 $aSeMil$bita 100 1 $aButler, Basil Christopher .$0(OLS)http://semarc/name/90504 240 14$aThe idea of the church.$0(OLS)http://semarc/title/64616 245 12$aL'idée de l'église /$cpar Dom B. C. Butler ; traduit de l'anglais par Simone De Trooz. 260 $aTournai :$bCasterman,$c1965. 300 $a227 p. ;$c22 cm. 490 0 $aCahiers de l'actualité religieuse ;$v21 650 4$aChiesa.$0(OLS)http://semarc/subject/3309 700 1 $aDe Trooz, Simone.$0(OLS)http://semarc/name/21800 830 0$aCahiers de l'actualité religieuse ;$v21.$0(OLS)http://semarc/title/18301 850 $aSeMil 852 $aSeMil$W1$xVenegono$y1$m2B VII 135$j259669$B10025$CSeMilBibl$Z2$F10025 $81 961 $aLascito: Bellini don Enzo 996 $6245$aL'idée de l'église$9(OLS)http://semarc/title/64615 996 $6260$aTournai :$bCasterman$9(OLS)http://semarc/publisher/30627